LEADER 03029nam0 2200457 i 450 001 BVEE016458 005 20170908093204.0 012 $au*am mqs- ilti omde (3) 1566 (R)$2fei$9uaeam 100 $a20100603d1566 ||||0itac50 ba 101 | $alat 102 $ach 181 1$6z01$ai $bxxxe 182 1$6z01$an 200 1 $a˜Bartholomaei Facii et Io. Iouiani Pontani œRerum suo tempore gestarum libri sexdecim. Quos idcirco cum Guicciardino coniunximus, quia vbi Pontanus desinit, Guicciardinus suam historiam inchoauit 210 $aBasileae$d1566$eBasileæ$gexcudebat Petrus Perna suis & Henrici Petri impensis$h1567 215 $a620, [52] p.$d8º 300 $aCors. ; rom 300 $aSegn.: a-z⁸ A-T⁸ 300 $aIniziali e fregi xil. 316 $a1 v. ((Vol. privo di front.$5IT-SA0060, BILOTTI Antiq. A 1 14 316 $a1 v. - Legatura in pelle con impressioni in oro sul dorso e sui piatti; nervi in rilievo. - Tagli spruzzati in rosso e blu. - Sul frontespizio note manoscritte.$5IT-AV0007, SEZ. RARI A 371 620 $dBasilea$3BVEL000292 700 1$aFacio$b, Bartolomeo$3SBLV100338$4070$0219559 702 1$aPontano$b, Giovanni Gioviano$3CFIV059280 712 02$aPetri, Heinrich & Perna, Peter$3BVEV018006$4650 790 1$aPontano$b, Giovanni$c $3CFIV059281$zPontano, Giovanni Gioviano 790 1$aPontanus$b, Johannes Jovianus$3CFIV317025$zPontano, Giovanni Gioviano 790 1$aPontanus$b, Ioannes Iovianus$3MILV162041$zPontano, Giovanni Gioviano 790 1$aPontano$b, Gioviano$3MILV186270$zPontano, Giovanni Gioviano 790 1$aFaccius$b, Bartolomeo$3CFIV142349$zFacio, Bartolomeo 790 0$aFacius Bartholomaeus$3CFIV142350$zFacio, Bartolomeo 790 1$aFazio$b, Bartolomeo$3MILV127719$zFacio, Bartolomeo 791 02$aPerna, Peter & Petri, Heinrich$3BVEV018037$zPetri, Heinrich & Perna, Peter 801 3$aIT$bIT-NA0079$c20100603 850 $aIT-SA0060$aIT-AV0007 912 $aBVEE016458 950 0$aBiblioteca dell'Archivio di Stato di Salerno$d 27BILOTTI Antiq. A 1 14$e 27FB 0000000145 C 1 v. ((Vol. privo di front.$fZ $h20100603$i20100603 950 0$aBiblioteca provinciale Scipione e Giulio Capone$bun esemplare$d AVSEZ. RARI A 371$e AVDAA0000190815 C 1 v. - Legatura in pelle con impressioni in oro sul dorso e sui piatti; nervi in rilievo. - Tagli spruzzati in rosso e blu. - Sul frontespizio note manoscritte.$fC $h20151127$i20151127$lLegatura in pelle con impressioni in oro sul dorso e sui piatti; nervi in rilievo; Tagli spruzzati in rosso e blu$mCaratteristiche materiali$lSul frontespizio note manoscritte$mNote, dedica, postille e note di possesso manoscritte 977 $a 27$a AV 996 $aRerum suo tempore gestarum libri sexdecim. Quos idcirco cum Guicciardino coniunximus, quia vbi Pontanus desinit, Guicciardinus suam historiam inchoauit$91479948 997 $aUNISANNIO LEADER 01568nam 2200361Ia 450 001 996386093603316 005 20200824132711.0 035 $a(CKB)4940000000080198 035 $a(EEBO)2240870795 035 $a(OCoLC)ocm13137388e 035 $a(OCoLC)13137388 035 $a(EXLCZ)994940000000080198 100 $a19860211d1692 uy | 101 0 $aeng 135 $aurbn||||a|bb| 200 12$aA letter from General Ludlow to Dr. Hollingworth ..$b[electronic resource] $edefending his former letter to Sir E.S. [i.e. Edward Seymour] which compared the tyranny of the first four years of King Charles the Martyr, with the tyranny of the four years of the late abdicated king, and vindicating the Parliament which began in Novemb. 1640 : occasioned by the lies and scandals of many bad men of this age 210 $aAmsterdam $c[s.n.]$d1692 215 $aviii, 72 p 300 $aPages 66-67 have print faded, and p. 72 is stained in filmed copy. Pages 50-end photographed from Cambridge University Library copy and inserted at the end. 300 $aReproduction of original in Huntington Library. 300 $aMarginal notes. 330 $aeebo-0113 607 $aGreat Britain$xPolitics and government$y1625-1649 700 $aLudlow$b Edmund$ffl. 1691-1692.$01001682 701 $aHollingworth$b Richard$f1639?-1701.$01002027 801 0$bEAA 801 1$bEAA 801 2$bm/c 801 2$bWaOLN 906 $aBOOK 912 $a996386093603316 996 $aA letter from General Ludlow to Dr. Hollingworth .$92388154 997 $aUNISA